000 00434nam a2200169Ia 4500
005 20250508155357.0
008 008 250505s9999 xx 000 0 eng d
037 _aBooks to be hide in OPAC
040 _aFEDL
_beng
_cFEDL
041 _aeng
_2eng
084 _a551.46, VER/O
_qFEDL
245 0 _aVayuyaan ki kahani
260 _c1950
300 _a149p.
942 _cHB
_h551.46, VER/O
999 _c1356352
_d1356352